| 000 | 00522nam a2200181 a 4500 | ||
|---|---|---|---|
| 005 | 20140310183254.0 | ||
| 008 | 041026s19uu xx 00 eng d | ||
| 020 | _a9780071429795 | ||
| 050 |
_aRM 723.A27 _b.B76 2003 |
||
| 100 | _aBrown, Denise Whichello | ||
| 245 |
_aTeach yourself : _bhand reflexology / _cDenise Whichello Brown. |
||
| 260 |
_aUnited States : _bTranset Limited, _c2003. |
||
| 300 |
_a150 p. : _bill. ; _c20 cm. |
||
| 521 | _aNUR | ||
| 650 | _aAcupressure. | ||
| 942 |
_cBK _2lcc _kFOR |
||
| 999 |
_c20834 _d20834 |
||